000
00235nam a22001097a 4500
040
_c
SK
082
_a
823
100
_a
VANN THANA
245
_a
Durian orchard; ការដាំធូរេន
260
_a
NA
_b
VAN
_c
NA
942
_c
KB
999
_c
10246
_d
10246